[Event "SR 1. liga zapad 2012/2013"]
[Site "?"]
[Date "2013.02.23"]
[Round "8.4"]
[White "Gasa, Andrej"]
[Black "Chovanec, Vladimir"]
[Result "1-0"]
[WhiteElo "2282"]
[BlackElo "2095"]
[PlyCount "85"]
[EventDate "2012.??.??"]

1. d4 Nf6 2. Nf3 g6 3. g3 Bg7 4. Bg2 d6 5. O-O c6 6. c4 a6 7. a4 a5 8. Nc3 Nbd7
9. Bf4 O-O 10. e4 Nh5 11. Be3 e5 12. dxe5 dxe5 13. Qd6 Bf6 14. Rfd1 Be7 15. Qd2
Qc7 16. Rac1 Nc5 17. Qc2 Be6 18. b3 Rad8 19. Nd5 cxd5 20. cxd5 Bxd5 21. exd5 b6
22. Qc3 f6 23. Nd2 Ng7 24. Qc4 Kh8 25. Ne4 Qb8 26. Nxc5 bxc5 27. Qb5 Nf5 28.
Qxb8 Rxb8 29. Bxc5 Bxc5 30. Rxc5 Nd4 31. Rxa5 Nxb3 32. Ra7 Ra8 33. Rxa8 Rxa8
34. d6 Rd8 35. Rd5 Nd4 36. a5 Nc6 37. a6 Kg8 38. Rc5 Na7 39. Rc7 Nb5 40. Bc6
Nd4 41. a7 Nxc6 42. Rxc6 Kf7 43. d7 1-0

[Event "SR 1. liga zapad 2012/2013"]
[Site "?"]
[Date "2013.02.23"]
[Round "8.4"]
[White "Jozefek, Michal"]
[Black "Krajnak, Robert"]
[Result "1-0"]
[WhiteElo "2060"]
[BlackElo "2075"]
[PlyCount "97"]
[EventDate "2012.??.??"]

1. d4 Nf6 2. c4 e6 3. Nc3 Bb4 4. Qc2 c5 5. dxc5 Bxc5 6. Nf3 O-O 7. e3 Nc6 8. a3
Be7 9. Be2 b6 10. O-O Bb7 11. e4 d6 12. h3 a6 13. Be3 Rc8 14. b3 Qc7 15. Rfd1
Ne5 16. Nxe5 dxe5 17. b4 Nd7 18. Rd2 Rfd8 19. Rad1 Nb8 20. Rxd8+ Rxd8 21. Rxd8+
Qxd8 22. Na4 Nd7 23. f3 Qc7 24. c5 b5 25. Nc3 Nb8 26. a4 Nc6 27. Qb2 bxa4 28.
Nxa4 Bf6 29. Nb6 Nd4 30. Bf1 g6 31. Qa2 Nb5 32. Nc4 Kg7 33. Na5 Bc8 34. c6 Nd6
35. Bc5 Be7 36. Qf2 Nb5 37. Be2 h5 38. Kf1 Kg8 39. Bxb5 axb5 40. Bxe7 Qxe7 41.
Qc5 Qd8 42. Ke2 Qg5 43. Nb7 Qxg2+ 44. Qf2 Qg5 45. Nd6 Qd8 46. Qc5 Qc7 47. Nxc8
Qxc8 48. c7 Kh7 49. Qe7 1-0

[Event "SR 1. liga zapad 2012/2013"]
[Site "?"]
[Date "2013.02.23"]
[Round "8.4"]
[White "Orosi, Peter"]
[Black "Polasek, Filip"]
[Result "0-1"]
[WhiteElo "2041"]
[BlackElo "2093"]
[PlyCount "50"]
[EventDate "2012.??.??"]

1. d4 d5 2. c4 e6 3. Nc3 Nf6 4. Bg5 Nbd7 5. e3 Be7 6. Nf3 c6 7. Bd3 O-O 8. O-O
dxc4 9. Bxc4 Nd5 10. Bxe7 Qxe7 11. Rc1 b6 12. Qe2 Bb7 13. Rfd1 Rfd8 14. a3 a5
15. Ne5 Nxc3 16. Rxc3 Nxe5 17. dxe5 Rxd1+ 18. Qxd1 Rd8 19. Rd3 Rxd3 20. Qxd3 g6
21. Qd6 Qxd6 22. exd6 Kf8 23. f4 b5 24. Ba2 c5 25. Bb1 f5 0-1

[Event "SR 1. liga zapad 2012/2013"]
[Site "?"]
[Date "2013.02.23"]
[Round "8.4"]
[White "Pericka, Tomas"]
[Black "Machalec, Vladimir"]
[Result "0-1"]
[WhiteElo "2029"]
[BlackElo "1938"]
[PlyCount "44"]
[EventDate "2012.??.??"]

1. e4 c5 2. Nf3 Nc6 3. d4 cxd4 4. Nxd4 g6 5. Bc4 Bg7 6. Be3 Nf6 7. Nc3 O-O 8.
f3 Na5 9. Bxf7+ Kxf7 10. e5 Nc4 11. exf6 Nxe3 12. Qe2 exf6 13. Qxe3 Re8 14. Ne4
d5 15. Qb3 f5 16. O-O-O fxe4 17. fxe4 Rxe4 18. Nf3 Be6 19. h4 Kg8 20. Kb1 Qe7
21. c3 d4 22. Qa4 dxc3 0-1

[Event "SR 1. liga zapad 2012/2013"]
[Site "?"]
[Date "2013.02.23"]
[Round "8.4"]
[White "Schwarz, Dusan"]
[Black "Plachetka, Jan"]
[Result "1-0"]
[WhiteElo "2305"]
[BlackElo "2355"]
[PlyCount "111"]
[EventDate "2012.??.??"]

1. d4 Nf6 2. c4 e6 3. Nc3 Bb4 4. f3 d5 5. a3 Bxc3+ 6. bxc3 c5 7. cxd5 exd5 8.
e3 O-O 9. Bd3 Re8 10. Ne2 b6 11. O-O Ba6 12. Ng3 Bxd3 13. Qxd3 Nc6 14. Bb2 Na5
15. Rae1 Qc7 16. e4 cxd4 17. cxd4 Qc4 18. Qd1 Qb3 19. Qxb3 Nxb3 20. e5 Nd7 21.
Nf5 Nd2 22. Nd6 Nxf1 23. Nxe8 Rxe8 24. Kxf1 Rc8 25. Rc1 Rxc1+ 26. Bxc1 b5 27.
Bd2 Nb6 28. Bb4 Nc4 29. Ke2 a5 30. Bc5 f5 31. exf6 gxf6 32. g4 Kf7 33. Kd3 Kg6
34. f4 f5 35. h3 Kf6 36. Ke2 b4 37. axb4 a4 38. b5 a3 39. b6 a2 40. b7 a1=Q 41.
b8=Q Qa2+ 42. Kf3 fxg4+ 43. Kg3 gxh3 44. Qd8+ Ke6 45. Qe7+ Kf5 46. Qxh7+ Kf6
47. Qe7+ Kf5 48. Qh7+ Kf6 49. Qh6+ Kf7 50. Qf8+ Ke6 51. Qc8+ Kf6 52. Qc6+ Kg7
53. Qd7+ Kf6 54. Be7+ Kg6 55. Qe6+ Kg7 56. Qf6+ 1-0

[Event "SR 1. liga zapad 2012/2013"]
[Site "?"]
[Date "2013.02.23"]
[Round "8.4"]
[White "Spacek, Oliver"]
[Black "Magyar, Frantisek"]
[Result "0-1"]
[WhiteElo "1977"]
[BlackElo "2009"]
[PlyCount "78"]
[EventDate "2012.??.??"]

1. d4 Nf6 2. c4 g6 3. Nc3 Bg7 4. g3 O-O 5. Bg2 d6 6. Nf3 Nc6 7. d5 Na5 8. Qd3
c5 9. O-O a6 10. Nd2 Ng4 11. Nf3 Rb8 12. h3 Nf6 13. Nd2 b5 14. Rb1 bxc4 15.
Nxc4 Nxc4 16. Qxc4 Rb4 17. Qd3 Bb7 18. Be3 Bc8 19. g4 h5 20. f3 Qb6 21. b3 Bd7
22. Bf2 Rb8 23. g5 Nh7 24. h4 Nf8 25. Rfc1 a5 26. Ne4 a4 27. Nxc5 dxc5 28. Bxc5
Bd4+ 29. Qxd4 Rxd4 30. Bxb6 Rxb6 31. e4 Rdb4 32. Rc3 axb3 33. a3 Ra4 34. Rbxb3
Rxb3 35. Rxb3 Ra7 36. Kf2 Kg7 37. f4 Ba4 38. Rc3 Nd7 39. Ke3 Bb5 0-1

[Event "SR 1. liga zapad 2012/2013"]
[Site "?"]
[Date "2013.02.23"]
[Round "8.5"]
[White "Barczi, Tibor"]
[Black "Ruckschloss, Karol"]
[Result "0-1"]
[WhiteElo "2070"]
[BlackElo "2242"]
[PlyCount "64"]
[EventDate "2012.??.??"]

1. e4 d6 2. d4 Nf6 3. Nc3 g6 4. Be2 c6 5. h4 h5 6. Bg5 Qb6 7. Rb1 Bg7 8. Qd2
Nbd7 9. f3 e5 10. d5 c5 11. Na4 Qc7 12. c4 Nf8 13. Bd3 Bd7 14. Nc3 Ng8 15. Qc2
Bh6 16. Bd2 Qd8 17. Nge2 g5 18. b4 cxb4 19. Rxb4 b6 20. hxg5 Bxg5 21. Nb5 Bxb5
22. Bxg5 Qxg5 23. cxb5 Ne7 24. g3 Nd7 25. Qd2 Qg7 26. Rg1 Rc8 27. f4 Qg4 28.
Kf2 h4 29. gxh4 Qxh4+ 30. Kf3 Ng6 31. Rbb1 exf4 32. Nxf4 Nde5+ 0-1

[Event "SR 1. liga zapad 2012/2013"]
[Site "?"]
[Date "2013.02.23"]
[Round "8.5"]
[White "Bezuch, Martin"]
[Black "Darazs, Zoltan"]
[Result "1/2-1/2"]
[WhiteElo "2291"]
[BlackElo "2124"]
[PlyCount "130"]
[EventDate "2012.??.??"]

1. e4 e5 2. Nf3 Nc6 3. Bc4 Nf6 4. d3 Bc5 5. c3 a6 6. Bb3 O-O 7. O-O d5 8. Nbd2
dxe4 9. dxe4 Qe7 10. h3 h6 11. Re1 Nh5 12. Nc4 Rd8 13. Qc2 Nf4 14. Bxf4 exf4
15. e5 Qd7 16. Rad1 Qf5 17. Qc1 Rxd1 18. Qxd1 Be6 19. Bc2 Qh5 20. Qd3 g6 21.
Ncd2 Rd8 22. Qe2 Be7 23. Ba4 b5 24. Bc2 Na5 25. a4 Nc4 26. Nxc4 Bxc4 27. Qe4
Bd5 28. Qxf4 Bxf3 29. gxf3 Bg5 30. Qe4 Qxh3 31. e6 Qxe6 32. Qxe6 fxe6 33. Rxe6
Rd6 34. Re8+ Kg7 35. Rc8 Bf4 36. axb5 axb5 37. Rb8 c6 38. Be4 Bg5 39. Rc8 Bc1
40. b3 Bb2 41. Bxc6 Rd1+ 42. Kg2 Bxc3 43. Bxb5 Bd4 44. Be8 g5 45. b4 Rd2 46. b5
Rxf2+ 47. Kg3 Rb2 48. Kg4 Kf6 49. Rc4 Rg2+ 50. Kh3 Re2 51. Rxd4 Rxe8 52. Rd6+
Kf5 53. Rxh6 Re3 54. Kg3 Rb3 55. b6 g4 56. Rh5+ Kg6 57. Kxg4 Rxb6 58. Rg5+ Kf6
59. Rh5 Kg6 60. f4 Rb1 61. f5+ Kg7 62. Rg5+ Kf7 63. Rg6 Rg1+ 64. Kf4 Rxg6 65.
fxg6+ Kxg6 1/2-1/2

[Event "SR 1. liga zapad 2012/2013"]
[Site "?"]
[Date "2013.02.23"]
[Round "8.5"]
[White "Certek, Pavel"]
[Black "Berek, Geza"]
[Result "1/2-1/2"]
[WhiteElo "2315"]
[BlackElo "2158"]
[PlyCount "213"]
[EventDate "2012.??.??"]

1. d4 g6 2. c4 Nf6 3. Nc3 Bg7 4. g3 O-O 5. Bg2 d6 6. Nf3 Nc6 7. h3 a6 8. Be3
Rb8 9. Rc1 Bd7 10. b3 b5 11. cxb5 axb5 12. d5 Na5 13. Nd4 e5 14. Nc6 Nxc6 15.
dxc6 Be6 16. Ba7 Ra8 17. Nxb5 Rxa7 18. Nxa7 Qb8 19. a4 Bxb3 20. Rb1 Bxd1 21.
Rxb8 Rxb8 22. Kxd1 Ra8 23. Nb5 Ne8 24. Nc3 e4 25. Nxe4 Rxa4 26. Kc2 d5 27. Nd2
Ra2+ 28. Kd3 Ra3+ 29. Kc2 Rc3+ 30. Kd1 Rxc6 31. Bxd5 Rd6 32. Bc4 Bc3 33. Bd3
Bd4 34. Ne4 Rb6 35. e3 Bg7 36. Ke2 Nd6 37. Nc5 Rb2+ 38. Kf3 Nb7 39. Rc1 Nxc5
40. Rxc5 Rb7 41. Be4 Ra7 42. Rd5 c5 43. Rxc5 Bf8 44. Rc6 Kg7 45. h4 Be7 46. Bc2
Bf6 47. Kg4 h5+ 48. Kf3 Be5 49. Rb6 Rc7 50. Bb1 Bf6 51. Rb5 Be7 52. Ke2 Rc4 53.
Bd3 Rb4 54. Re5 Rb2+ 55. Kf1 Bf6 56. Rc5 Rb7 57. Rc6 Rd7 58. Ke2 Ra7 59. Rc8
Ra2+ 60. Bc2 Ra3 61. Bb1 Ra7 62. Rb8 Be7 63. Kf3 Bf6 64. Be4 Re7 65. Ra8 Bc3
66. Ra4 Bf6 67. Bd5 Rd7 68. e4 Rc7 69. Kg2 Be7 70. Bc4 Bc5 71. Bd5 Ra7 72. Rc4
Bd6 73. Rc6 Be7 74. Kh3 Rd7 75. Rc8 Bd8 76. f4 Be7 77. Kg2 Bf6 78. Kf3 Ra7 79.
e5 Be7 80. Bb3 Rb7 81. Bc4 Ra7 82. Ke4 Ra5 83. Rc7 Rc5 84. Rxe7 Rxc4+ 85. Kd5
Rc1 86. e6 Rd1+ 87. Kc4 Kf6 88. Rxf7+ Kxe6 89. Rf8 Rg1 90. Re8+ Kf5 91. Re5+
Kf6 92. Rg5 Rd1 93. Kc3 Rd8 94. Kc2 Rd7 95. Re5 Rd8 96. Re3 Kf5 97. Re5+ Kf6
98. Kc3 Rd1 99. Rg5 Rd8 100. Kc4 Rd1 101. f5 gxf5 102. Rxh5 Rd7 103. Rh6+ Ke5
104. Rg6 Rd8 105. Kc3 f4 106. Rg5+ Ke4 107. gxf4 1/2-1/2

[Event "SR 1. liga zapad 2012/2013"]
[Site "?"]
[Date "2013.02.23"]
[Round "8.5"]
[White "Dolnik, Attila"]
[Black "Petran, Peter"]
[Result "0-1"]
[WhiteElo "2156"]
[BlackElo "2277"]
[PlyCount "72"]
[EventDate "2012.??.??"]

1. e4 g6 2. d4 Bg7 3. c3 d6 4. Nf3 Nf6 5. Bd3 O-O 6. O-O Nbd7 7. Re1 e5 8. Nbd2
b6 9. b4 c6 10. Bb2 Qc7 11. dxe5 dxe5 12. c4 Re8 13. a4 a5 14. bxa5 Rxa5 15.
Nb3 Ra7 16. Qc2 Bf8 17. Bc1 Nc5 18. Nxc5 Bxc5 19. Ba3 Nd7 20. Bf1 Bxa3 21. Rxa3
Nc5 22. Rd1 Bg4 23. h3 Bxf3 24. Rxf3 Rxa4 25. Rf6 Ra7 26. Rfd6 Ne6 27. c5 Nxc5
28. Bc4 Kg7 29. h4 h5 30. f3 Raa8 31. Qd2 b5 32. Qe3 Ne6 33. Rd7 Qa5 34. Rxf7+
Kxf7 35. Qh6 Qa7+ 36. Kh2 bxc4 0-1

[Event "SR 1. liga zapad 2012/2013"]
[Site "?"]
[Date "2013.02.23"]
[Round "8.5"]
[White "Hudec, Jan"]
[Black "Kral, Klaudia"]
[Result "1-0"]
[WhiteElo "2008"]
[BlackElo "1871"]
[PlyCount "61"]
[EventDate "2012.??.??"]

1. d4 Nf6 2. c4 g6 3. Nc3 d5 4. Nf3 Bg7 5. cxd5 Nxd5 6. e4 Nxc3 7. bxc3 c5 8.
Bb5+ Bd7 9. Be2 Nc6 10. h3 O-O 11. O-O Rc8 12. Bg5 h6 13. Be3 Kh7 14. Rb1 Qc7
15. Qd2 Na5 16. Bf4 Qd8 17. Rfd1 f5 18. Ne5 Ba4 19. exf5 Rxf5 20. Bd3 Rxe5 21.
dxe5 Bxd1 22. Rxd1 Qe8 23. h4 c4 24. Bc2 Kh8 25. Bxh6 Nc6 26. Bxg7+ Kxg7 27.
Qg5 Nd8 28. h5 Rc6 29. Bxg6 Rxg6 30. hxg6 Ne6 31. Qh5 1-0

[Event "SR 1. liga zapad 2012/2013"]
[Site "?"]
[Date "2013.02.23"]
[Round "8.5"]
[White "Kolcak, Marek"]
[Black "Urban, Gabor"]
[Result "1/2-1/2"]
[WhiteElo "2167"]
[BlackElo "1958"]
[PlyCount "82"]
[EventDate "2012.??.??"]

1. e4 c6 2. d4 d5 3. e5 Bf5 4. h4 h6 5. c4 e6 6. Nc3 Be7 7. g4 Bh7 8. Nf3 Nd7
9. Be3 Bb4 10. Rc1 Ne7 11. Bd3 Bxd3 12. Qxd3 dxc4 13. Qxc4 Nd5 14. O-O N7b6 15.
Qb3 Be7 16. Ne4 f5 17. exf6 gxf6 18. Nc5 Qc8 19. Qd3 Kf7 20. Qe4 Bxc5 21. dxc5
Nd7 22. Rce1 Qg8 23. Kh1 Re8 24. Rg1 Qg6 25. Qxg6+ Kxg6 26. h5+ Kf7 27. Nh4
Nxe3 28. Rxe3 Nxc5 29. Ng6 Rhg8 30. Rc1 Na6 31. Rd3 Rd8 32. Rcd1 Rd5 33. Rxd5
cxd5 34. Rc1 Rd8 35. Kg2 Rd7 36. Rc8 e5 37. Nh4 Nb4 38. Nf5 d4 39. Kf1 Ke6 40.
Ke2 Rh7 41. Re8+ Kd7 1/2-1/2

[Event "SR 1. liga zapad 2012/2013"]
[Site "?"]
[Date "2013.02.23"]
[Round "8.5"]
[White "Szegi, Tamas"]
[Black "Zetocha, Claudiu"]
[Result "0-1"]
[WhiteElo "2228"]
[BlackElo "2360"]
[PlyCount "46"]
[EventDate "2012.??.??"]

1. e4 c5 2. c3 d5 3. exd5 Qxd5 4. d4 Nc6 5. Nf3 Nf6 6. Be3 cxd4 7. cxd4 e6 8.
Nc3 Qd6 9. a3 Be7 10. Bd3 O-O 11. O-O b6 12. Qe2 Bb7 13. Rad1 Rad8 14. Bb1 Rfe8
15. Qc2 g6 16. Ba2 Qb8 17. d5 exd5 18. Nxd5 Nxd5 19. Bxd5 Rxd5 20. Rxd5 Nb4 21.
axb4 Bxd5 22. Nd4 Qa8 23. g3 Bxb4 0-1

[Event "SR 1. liga zapad 2012/2013"]
[Site "?"]
[Date "2013.02.23"]
[Round "8.6"]
[White "Bagi, Mate"]
[Black "Havlicek, Libor"]
[Result "1-0"]
[WhiteElo "2349"]
[BlackElo "2299"]
[PlyCount "81"]
[EventDate "2012.??.??"]

1. e4 c5 2. Nf3 d6 3. d4 cxd4 4. Nxd4 Nf6 5. Nc3 a6 6. Bg5 e6 7. f4 Be7 8. Qf3
Qc7 9. O-O-O Nbd7 10. Bd3 h6 11. Bh4 g5 12. fxg5 Ne5 13. Qe2 Nfg4 14. Nf3 Nxf3
15. Qxf3 hxg5 16. Bg3 Ne5 17. Bxe5 dxe5 18. Rhf1 Rh7 19. h4 Bd7 20. h5 O-O-O
21. g4 Be8 22. Nd5 Qc5 23. Nf6 Rg7 24. h6 Bxf6 25. hxg7 Bxg7 26. Be2 Rd4 27.
Kb1 Qc6 28. Bd3 f6 29. c3 Rd7 30. Bc2 Rf7 31. Qe3 Bf8 32. b4 Rc7 33. Rc1 Be7
34. Rh1 Kb8 35. Rh8 Rc8 36. Kb2 a5 37. a3 Bd8 38. Rd1 Bb6 39. Qd3 Ka7 40. Rf8
Bd8 41. b5 1-0

[Event "SR 1. liga zapad 2012/2013"]
[Site "?"]
[Date "2013.02.23"]
[Round "8.6"]
[White "Balogh, Peter"]
[Black "Dolnak, Michal"]
[Result "0-1"]
[WhiteElo "2013"]
[BlackElo "2115"]
[PlyCount "120"]
[EventDate "2012.??.??"]

1. d4 Nf6 2. Bg5 Ne4 3. Bf4 d5 4. f3 Nf6 5. e4 e6 6. Nc3 a6 7. a3 c5 8. exd5
exd5 9. dxc5 Bxc5 10. Qd2 Be6 11. O-O-O O-O 12. Bg5 Nc6 13. Qf4 Nh5 14. Bxd8
Nxf4 15. Bc7 Be3+ 16. Kb1 d4 17. Nge2 Nxg2 18. Bxg2 dxc3 19. Nxc3 Rac8 20. Bg3
Rcd8 21. Rxd8 Rxd8 22. Rd1 g5 23. Rxd8+ Nxd8 24. Ne4 f5 25. Bc7 Nc6 26. Ng3 Kf7
27. f4 h6 28. c3 Bg1 29. fxg5 hxg5 30. Ne2 Be3 31. Kc2 Bc4 32. Kd1 Kf6 33. b4
f4 34. h4 Kf5 35. hxg5 Kxg5 36. Bf3 Kf5 37. Ke1 Bd3 38. Nd4+ Nxd4 39. cxd4 Be4
40. Ke2 Bxd4 41. a4 b5 42. axb5 axb5 43. Bd6 Be3 44. Bc7 Ba7 45. Bd6 Bd4 46.
Be7 Be5 47. Bf8 Bc7 48. Bc5 Ke5 49. Bf2 Kd5 50. Bh5 Kc4 51. Bc5 Be5 52. Bf7+
Bd5 53. Be8 Bc3 54. Bd6 f3+ 55. Kf2 Bxb4 56. Be5 Bc5+ 57. Kf1 b4 58. Bg6 Kb3
59. Bg3 Ka2 60. Be1 Bc4+ 0-1

[Event "SR 1. liga zapad 2012/2013"]
[Site "?"]
[Date "2013.02.23"]
[Round "8.6"]
[White "Bottyan, Peter"]
[Black "Hacik, Radomir"]
[Result "1-0"]
[WhiteElo "2262"]
[BlackElo "2185"]
[PlyCount "131"]
[EventDate "2012.??.??"]

1. d4 Nf6 2. Bg5 Ne4 3. Bf4 c5 4. f3 Qa5+ 5. c3 Nf6 6. Nd2 cxd4 7. Nb3 Qb6 8.
Qxd4 Nc6 9. Qxb6 axb6 10. g3 e5 11. Bg5 d5 12. Bh3 Be6 13. Bxe6 fxe6 14. Nh3 b5
15. a3 Na5 16. Nxa5 Rxa5 17. Rd1 Ra6 18. Nf2 Bc5 19. Nd3 Bd6 20. Be3 O-O 21.
Nc5 Bxc5 22. Bxc5 Rc8 23. Be7 Nd7 24. e4 Kf7 25. Bb4 Nf6 26. O-O Rc4 27. exd5
exd5 28. Rfe1 Re6 29. Kg2 Rc7 30. Re2 Rd7 31. Bc5 b6 32. Be3 d4 33. Red2 Nd5
34. Bf2 b4 35. cxd4 bxa3 36. bxa3 Nc3 37. dxe5 Ra7 38. Rd7+ Re7 39. Rxe7+ Kxe7
40. Bxb6 Rb7 41. Bc5+ Ke6 42. Rd3 Rb2+ 43. Kh3 Na4 44. Bb4 Kxe5 45. Bc3+ Nxc3
46. Rxc3 Ra2 47. f4+ Kf5 48. Rc5+ Kf6 49. Ra5 h6 50. a4 g5 51. fxg5+ hxg5 52.
Kg4 Rxh2 53. Ra6+ Kf7 54. Kxg5 Rc2 55. Ra7+ Ke6 56. a5 Rc5+ 57. Kh4 Kf5 58. a6
Rc1 59. Rf7+ Kg6 60. Rb7 Rc4+ 61. Kh3 Ra4 62. a7 Kg5 63. Kg2 Ra2+ 64. Kf3 Ra4
65. Ke3 Kf5 66. Kd3 1-0

[Event "SR 1. liga zapad 2012/2013"]
[Site "?"]
[Date "2013.02.23"]
[Round "8.6"]
[White "Castiglione, Mario"]
[Black "Borosova, Zuzana"]
[Result "0-1"]
[WhiteElo "2282"]
[BlackElo "2263"]
[PlyCount "100"]
[EventDate "2012.??.??"]

1. e4 c6 2. d3 d5 3. Nd2 e5 4. Ngf3 Bd6 5. d4 exd4 6. Nxd4 Nf6 7. Qe2 O-O 8. h3
Re8 9. c3 c5 10. Nb5 Bf4 11. g3 Nxe4 12. Nxe4 Bxc1 13. Nbd6 Bxb2 14. Nxe8 Bxa1
15. N4d6 Bxc3+ 16. Kd1 Be6 17. Qb5 Nc6 18. Qxb7 Na5 19. Qa6 Bd7 20. Bb5 Qg5 21.
f4 Bxb5 22. Qxb5 Qxg3 23. Qe2 Nc4 24. Nf5 Qxf4 25. Rf1 Qd2+ 26. Qxd2 Nxd2 27.
Nc7 Rb8 28. Rf2 Ne4 29. Rf3 d4 30. Ne7+ Kf8 31. Nc6 Rb1+ 32. Kc2 Rb2+ 33. Kd3
Nf6 34. a4 Bb4 35. Kc4 a5 36. Kb5 h5 37. Nxa5 Bxa5+ 38. Kxa5 Rb1 39. Nb5 Ra1
40. Nd6 Ke7 41. Nf5+ Kd7 42. Nxg7 Ne4 43. Kb5 Rb1+ 44. Ka6 Nd6 45. a5 c4 46.
Nxh5 d3 47. Nf6+ Kc6 48. Rf2 c3 49. Ng4 d2 50. Ne3 Re1 0-1

[Event "SR 1. liga zapad 2012/2013"]
[Site "?"]
[Date "2013.02.23"]
[Round "8.6"]
[White "Kovac, Andrej"]
[Black "Voros, Gellert"]
[Result "1-0"]
[WhiteElo "2148"]
[BlackElo "2042"]
[PlyCount "85"]
[EventDate "2012.??.??"]

1. d4 d5 2. c4 c6 3. e3 Nf6 4. Nf3 Bf5 5. Nc3 e6 6. Be2 Nbd7 7. O-O Bd6 8. Qb3
Qb6 9. c5 Qxb3 10. axb3 Bc7 11. b4 O-O 12. b5 e5 13. Nh4 Bg6 14. Nxg6 fxg6 15.
f3 Rfe8 16. Bd2 exd4 17. exd4 Nf8 18. Ra4 cxb5 19. Bxb5 Re7 20. Bg5 Rd8 21.
Rxa7 Bb8 22. Ra4 Ne6 23. Bh4 g5 24. Bg3 Nf4 25. Re1 Rxe1+ 26. Bxe1 h5 27. Bg3
h4 28. Be1 Ne6 29. g3 h3 30. Bf1 g4 31. fxg4 Ng5 32. Bf2 Nxg4 33. Be2 Nxf2 34.
Kxf2 Rf8+ 35. Kg1 Ne4 36. Nxe4 dxe4 37. d5 Be5 38. Rxe4 Bxb2 39. Bg4 Ba3 40.
Rc4 Rd8 41. Bxh3 Kh7 42. c6 bxc6 43. dxc6 1-0

[Event "SR 1. liga zapad 2012/2013"]
[Site "?"]
[Date "2013.02.23"]
[Round "8.6"]
[White "Kukel, Imre 1985"]
[Black "Kubala, Jan"]
[Result "1/2-1/2"]
[WhiteElo "2260"]
[BlackElo "2230"]
[PlyCount "41"]
[EventDate "2012.??.??"]

1. e4 e6 2. d4 d5 3. exd5 exd5 4. c4 Nf6 5. Nc3 Be7 6. Bf4 c6 7. Bd3 O-O 8.
Nge2 Be6 9. b3 Re8 10. O-O Nbd7 11. Qc2 Nf8 12. Be5 Ng4 13. Nf4 g6 14. Rad1 Bg5
15. Nxe6 Nxe6 16. Be2 Nxe5 17. dxe5 Qc7 18. cxd5 cxd5 19. Rxd5 Nf4 20. Rd2 Qxe5
21. Bc4 1/2-1/2

[Event "SR 1. liga zapad 2012/2013"]
[Site "?"]
[Date "2013.02.23"]
[Round "8.6"]
[White "Peitl, Tomas"]
[Black "Janko, Zoltan"]
[Result "1-0"]
[WhiteElo "2220"]
[BlackElo "2283"]
[PlyCount "93"]
[EventDate "2012.??.??"]

1. e4 c5 2. Nc3 Nc6 3. f4 g6 4. Nf3 Bg7 5. Bc4 d6 6. O-O Nf6 7. d3 O-O 8. a3
Nd4 9. h3 Rb8 10. Be3 b5 11. Ba2 b4 12. axb4 Rxb4 13. Nd5 Nxd5 14. Bxd5 e6 15.
Bc4 Nxf3+ 16. Rxf3 Bxb2 17. Rxa7 Qb6 18. Ra2 Bd4 19. Kh2 Bxe3 20. Rxe3 d5 21.
exd5 exd5 22. Bxd5 Qd6 23. c4 Qxf4+ 24. Rg3 Be6 25. Bxe6 fxe6 26. Qg4 Qd6 27.
Ra7 Rf7 28. Ra8+ Kg7 29. Qe4 Rb2 30. Ra1 Rbf2 31. Re1 R7f6 32. Qe5 Qc6 33. Ra1
R2f5 34. Ra7+ Kg8 35. Qc7 Qxc7 36. Rxc7 Rf7 37. Rc6 R7f6 38. Re3 Kf7 39. g4
Rf2+ 40. Kg3 Rf1 41. Rc7+ Ke8 42. Rxh7 Kd8 43. Rg7 Rd1 44. Kh4 Rdf1 45. Kg5
R1f3 46. Re5 Rf8 47. Rxc5 1-0

[Event "SR 1. liga zapad 2012/2013"]
[Site "?"]
[Date "2013.02.23"]
[Round "8.6"]
[White "Sosovicka, Juraj"]
[Black "Hegedus, Roland"]
[Result "1/2-1/2"]
[WhiteElo "2089"]
[BlackElo "2007"]
[PlyCount "66"]
[EventDate "2012.??.??"]

1. e4 c5 2. Nf3 Nc6 3. d4 cxd4 4. Nxd4 Nf6 5. Nc3 e5 6. Ndb5 d6 7. Bg5 a6 8.
Na3 b5 9. Nd5 Be7 10. Bxf6 Bxf6 11. c3 Bb7 12. Nc2 Nb8 13. a4 bxa4 14. Ncb4 Nd7
15. Qxa4 O-O 16. Nc6 Qe8 17. Na5 Bxd5 18. exd5 e4 19. Be2 Nb6 20. Qb3 Nd7 21.
O-O Nc5 22. Qc4 e3 23. f3 Qe5 24. Nc6 Qh5 25. b4 Nd7 26. f4 Nb6 27. Bxh5 Nxc4
28. Rac1 Rfe8 29. Rfe1 Nd2 30. Be2 Nb3 31. Rc2 a5 32. bxa5 Nxa5 33. Nxa5 Rxa5
1/2-1/2

[Event "SR 1. liga zapad 2012/2013"]
[Site "?"]
[Date "2013.02.23"]
[Round "8.7"]
[White "Goga, Frantisek"]
[Black "Hecko, Dusan"]
[Result "1/2-1/2"]
[WhiteElo "1944"]
[BlackElo "2073"]
[Annotator "Fritz 12 (20s)"]
[PlyCount "54"]
[EventDate "2012.??.??"]

{B12: Caro-Kann: Advance Variation} 1. e4 d5 2. e5 Bf5 3. d4 e6 4. Bd3 Bxd3 5.
Qxd3 c6 6. Ne2 {N} g6 (6... Qa5+ 7. Nbc3 Qa6 8. Qh3 Ne7) 7. O-O h5 8. c4 Nh6 9.
cxd5 cxd5 $14 10. Qb5+ Qd7 $11 11. Nbc3 Nf5 12. Bg5 Qxb5 13. Nxb5 Kd7 14. Ng3
Nc6 15. Nxf5 gxf5 16. Rfd1 Rc8 17. Rac1 a6 18. Nc3 b5 19. Ne2 Bb4 20. h4 Ba5
21. Be3 Bb6 22. Rc3 Ne7 23. Rdc1 Rxc3 24. Rxc3 Ng6 25. Bg5 Rc8 26. Rxc8 Kxc8
27. Kf1 Bd8 1/2-1/2

[Event "SR 1. liga zapad 2012/2013"]
[Site "?"]
[Date "2013.02.24"]
[Round "8.8"]
[White "Hajtmanek, Stanislav"]
[Black "Hecko, Dusan"]
[Result "0-1"]
[WhiteElo "1764"]
[BlackElo "2073"]
[Annotator "Fritz 12 (20s)"]
[PlyCount "64"]
[EventDate "2012.??.??"]

{D94: Grünfeld: 4 Nf3 Bg7 5 e3} 1. d4 Nf6 2. c4 g6 3. Nc3 d5 4. e3 Bg7 5. Nf3
O-O 6. Be2 c5 7. O-O cxd4 8. exd4 Nc6 9. Ne5 dxc4 10. Nxc6 bxc6 11. Bxc4 Nd5
12. Nxd5 {N} (12. Qf3 Be6 13. Bb3 Rb8 14. Ne2 Qc8 $11) 12... cxd5 13. Qf3 Be6 (
13... dxc4 $6 14. Qxa8 Qxd4 15. Be3 Qxb2 16. Qxa7 $15) 14. Bb3 Qd7 (14... a5
15. Qd1 $17) 15. Be3 $15 a5 16. Rac1 a4 17. Bc2 Bg4 18. Qg3 Be2 19. Rfe1 Bc4
20. b3 axb3 21. axb3 Bb5 22. f4 e6 23. Bf2 Qd6 24. Qe3 Ra3 25. Qd2 Rfa8 26. g3
Bf8 27. Rb1 Ra2 28. Qc1 Rc8 (28... Qc6 $142 29. Rb2 Bb4 $19) 29. Rb2 Ra7 30.
Qd1 $4 {chyba, ale dobry tah uz nie je} Qa3 31. Rb1 Bb4 32. Re5 (32. Re3 Rac7
33. Bd3 Rc1 34. Bxb5 Rxd1+ 35. Rxd1 Rc2 $19) 32... Rac7 (32... Rac7 33. Bd3 Rc1
34. Bxb5 Rxd1+ 35. Rxd1 Qxb3 $19) 0-1

[Event "SR 1. liga zapad 2012/2013"]
[Site "?"]
[Date "2013.02.24"]
[Round "9.1"]
[White "Banas, Jan"]
[Black "Chlpik, Martin"]
[Result "1-0"]
[WhiteElo "2275"]
[BlackElo "2099"]
[PlyCount "81"]
[EventDate "2012.??.??"]

1. c4 Nf6 2. Nc3 g6 3. e4 d6 4. d4 Bg7 5. f3 Nbd7 6. Be3 O-O 7. Nh3 c5 8. d5 a6
9. a4 Ne5 10. Nf2 h5 11. h3 Qa5 12. f4 Ned7 13. Be2 h4 14. O-O Nh7 15. Qd2 Re8
16. Ra3 Ndf8 17. Nd3 e6 18. Bf3 f5 19. e5 exd5 20. Bxd5+ Kh8 21. Kh1 Nd7 22.
Bf7 Rf8 23. e6 Ndf6 24. Qf2 Rxf7 25. exf7 Be6 26. Bxc5 dxc5 27. Ne5 Bh6 28.
Nxg6+ Kg7 29. Ne5 Bxf7 30. Qxh4 Qc7 31. Nd5 Nxd5 32. Rg3+ Kh8 33. Qxh6 Rg8 34.
Rxg8+ Kxg8 35. cxd5 Bxd5 36. Rd1 Qd8 37. Rd3 Qf6 38. Rg3+ Kh8 39. Qh5 Qe6 40.
Ng6+ Kg7 41. Ne7+ 1-0

[Event "SR 1. liga zapad 2012/2013"]
[Site "?"]
[Date "2013.02.24"]
[Round "9.1"]
[White "Bencok, Ladislav"]
[Black "Felcir, Jaroslav"]
[Result "1/2-1/2"]
[WhiteElo "1859"]
[BlackElo "2184"]
[PlyCount "40"]
[EventDate "2012.??.??"]

1. e4 e5 2. Nf3 Nc6 3. d4 exd4 4. Nxd4 Bc5 5. Be3 Qf6 6. c3 Nge7 7. Bc4 Nxd4 8.
cxd4 Bb4+ 9. Nc3 Qg6 10. Qf3 d5 11. exd5 Bg4 12. Qg3 O-O-O 13. O-O Nf5 14. Qf4
f6 15. Nb5 Rd7 16. Nxa7+ Kb8 17. Nb5 Bh3 18. Qf3 Bg4 19. Qf4 Bh3 20. Qf3 Bg4
1/2-1/2

[Event "SR 1. liga zapad 2012/2013"]
[Site "?"]
[Date "2013.02.24"]
[Round "9.1"]
[White "Doucha, Ludvik"]
[Black "Lecky, Juraj"]
[Result "1/2-1/2"]
[WhiteElo "2072"]
[BlackElo "1810"]
[PlyCount "44"]
[EventDate "2012.??.??"]

1. e4 c5 2. c4 Nc6 3. Ne2 d6 4. d4 cxd4 5. Nxd4 g6 6. Nc3 Bg7 7. Be3 Nf6 8. Be2
O-O 9. O-O Bd7 10. Qd2 a5 11. b3 Nxd4 12. Bxd4 Bc6 13. f3 Nd7 14. Be3 Nc5 15.
Rab1 Qc7 16. a3 Rfc8 17. Rfd1 Nd7 18. Bf1 b6 19. Kh1 Nc5 20. Nd5 Bxd5 21. exd5
Qd7 22. Qf2 Rab8 1/2-1/2